000 00278nam a2200109Ia 4500
008 220204s9999 xx 000 0 und d
082 _a651
_bRAL
100 _aRalston, Mary
245 0 _aHow to return to work in an office
260 _aNew York
_bHarper & Row
_c1972
942 _cBK
999 _c32081
_d32081